LEADER 01526nam a2200349 a 4500 001 000000125290 003 CaOOAMICUS 005 20110513112916.0 008 110513s2008 inu u000 u eng r 020 $a978-1-59276-330-6 020 $a978-1-59276-776-2 (vol. add.) 040 $aPUL$bita 082 04$a174 100 1 $aMay, William E.$0(OLS)http://pul/name/42745 245 10$aCatholic bioethics and the gift of human life /$cWilliam E. May. 250 $a2nd ed. 260 $aHuntington :$bOur Sunday Visitor,$cİ2008. 300 $a382 p. ;$c23 cm+$e[1] fasc. 500 $aInclude indice. 500 $aUn fascicolo staccato dal titolo "Catholic bioethics and the gift of human life : addendum". 504 $aBibliografia in nota. 650 4$aBioetica.$0(OLS)http://pul/subject/2868 850 $aPUL 852 $aPUL$W1$xSL Filosofia 3$y81$m174 MAYWI 1$j144287$qDDC 21$B143316$CPULBib$Z2$F143316 $H117023 $82 852 $aPUL$W1$xSL Filosofia 3$y81$m174 MAYWI 1bis$j144288$qDDC 21$B143317$CPULBib$Z2$F143317 $H117050 $82 941 1 $a9 996 $6020$a978-1-59276-330-6$9(OLS)http://pul/number/147138 996 $6020$a978-1-59276-776-2 (vol. add.)$9(OLS)http://pul/number/147139 996 $6082$a174$9(OLS)http://pul/classification/425 996 $6245$aCatholic bioethics and the gift of human life$9(OLS)http://pul/title/157963 996 $6260$aHuntington :$bOur Sunday Visitor$9(OLS)http://pul/publisher/79626 LEADER 01703nam a2200385 a 4500 001 000000129664 003 CaOOAMICUS 005 20120713151536.0 008 120713s2012 it u000 u ita r 020 $a978-88-382-4058-4 040 $aPUL$bita 082 04$a242 100 0 $aPaulus PP.$bVI,$cs.,$d1897-1978.$0(OLS)http://pul/name/1432 245 13$aLe stagioni dello Spirito :$bmeditazioni sull'anno liturgico /$cGiovanni Battista Montini ; a cura di Inos Biffi. 260 $aRoma :$bStudium,$cİ2012. 300 $a162 p. ;$c19 cm 490 1 $aUniversale Studium. Nuova serie ;$v02 490 1 $aSpiritus veritatis ;$v02 504 $aContiene riferimenti bibliografici. 650 4$aMeditazioni.$0(OLS)http://pul/subject/581 700 1 $aBiffi, Inos,$csac.,$d1934-$0(OLS)http://pul/name/1663 830 0$aUniversale Studium.$nNuova serie ;$v02.$0(OLS)http://pul/title/163896 830 0$aSpiritus veritatis (Studium) ;$v02.$0(OLS)http://pul/title/163897 850 $aPUL 852 $aPUL$W1$xSL Religione 3$y85$m242 PAOLO6 2$j150143$qDDC 21$B148681$CPULBib$Z2$F148681 $H120165 $82 900 $aMontini, Giovanni Battista,$cs.,$d1897-1978$91432 900 $aPaolo$bVI,$cpapa, b.,$d1897-1978$91432 910 $aPapi (1963-1978 : Paulus PP. VI)$91432 910 $aPapi (1963-1978 : Paulus PP. VI)$91432 941 1 $a9 996 $6020$a978-88-382-4058-4$9(OLS)http://pul/number/150289 996 $6082$a242$9(OLS)http://pul/classification/642 996 $6245$aLe stagioni dello Spirito :$bmeditazioni sull'anno liturgico$9(OLS)http://pul/title/163895 996 $6260$aRoma :$bStudium$9(OLS)http://pul/publisher/47892